000 00614nab a2200193 a 4500
005 20210219160743.0
008 991125s1985 mx 000 0 spa u
035 _aUPN01000171827
222 _aETHOS EDUCATIVO
245 _aImpacto de una estrategia educativa participativa : el estilo de vida de pacientes con diabetes mellitus tipo 2
260 _aMorelia, México
300 _a187-196
362 0 _a2008 2a época, año 12, no. 42, may.-ago.
653 0 _aESTRATEGIA EDUCATIVA PARTICIPATIVA
653 0 _aESTILO DE VIDA
653 0 _aDIABETES
653 0 _aEDUCACION SANITARIA
905 _aArticulo
999 _c143931
_d143931